000
00320nam a22001457a 4500
008
210517b ||||| |||| 00| 0 eng d
020
_a
9781101874769
041
_a
eng
080
_a
94
082
_a
94
100
_a
16
101
_a
SHH
245
_a
The English and Their History
_c
Robert Tombs
942
_2
udc
_c
BK
999
_c
57367
_d
57367